Los grandes cuentistas polacos / (Record no. 134199)
[ view plain ]
| 000 -LEADER | |
|---|---|
| campo de control de longitud fija | 00958nam a2200241 i 4500 |
| 001 - NÚMERO DE CONTROL | |
| campo de control | 134199 |
| 003 - IDENTIFICADOR DE NÚMERO DE CONTROL | |
| campo de control | ES-MaACL |
| 005 - FECHA Y HORA DE LA ÚLTIMA TRANSACCIÓN | |
| campo de control | 20230906194624.0 |
| 007 - CAMPO FIJO DE DESCRIPCIÓN FÍSICA--INFORMACIÓN GENERAL | |
| campo de control de longitud fija | t| |
| 008 - DATOS DE LONGITUD FIJA--INFORMACIÓN GENERAL | |
| campo de control de longitud fija | 070906q19201925sp ||||1| spa d |
| 245 04 - MENCIÓN DEL TÍTULO | |
| Título | Los grandes cuentistas polacos / |
| Mención de responsabilidad, etc. | versión directa del polaco de M. Paszkiewiez y B.Jarnés. |
| 260 ## - PUBLICACIÓN, DISTRIBUCIÓN, ETC. | |
| Lugar de publicación, distribución, etc. | Madrid : |
| Nombre del editor, distribuidor, etc. | Biblioteca Patria, |
| Fecha de publicación, distribución, etc. | [192-?] |
| 300 ## - DESCRIPCIÓN FÍSICA | |
| Extensión | 139 p. ; |
| Dimensiones | 17 cm. |
| 490 1# - MENCIÓN DE SERIE | |
| Mención de serie | Biblioteca Patria de obras premiadas ; |
| Designación de volumen o secuencia | 241 |
| 505 8# - NOTA DE CONTENIDO CON FORMATO | |
| Nota de contenido con formato | Contiene: En la tormenta / Josef Werssenhoff -- Mosen Pedro / Kazimierz Przerva-Tetmayer -- El juramento ; A retaguardia ; El sacramento / Wladislav St. Reymont |
| 700 1# - ENTRADA AGREGADA--NOMBRE PERSONAL | |
| Nombre de persona | Weyssenhoff, Jósef. |
| 9 (RLIN) | 116609 |
| 700 1# - ENTRADA AGREGADA--NOMBRE PERSONAL | |
| Nombre de persona | Przerwa Tetmayer, Kazimierz. |
| 9 (RLIN) | 94096 |
| 700 1# - ENTRADA AGREGADA--NOMBRE PERSONAL | |
| Nombre de persona | St. Reymont, Wladyrlaw. |
| 9 (RLIN) | 107831 |
| 700 1# - ENTRADA AGREGADA--NOMBRE PERSONAL | |
| Nombre de persona | Paszkiewiez, M. |
| 9 (RLIN) | 89544 |
| 830 0# - PUNTO DE ACCESO ADICIONAL DE SERIE-TÍTULO UNIFORME | |
| Título uniforme | Biblioteca Patria de obras premiadas ; |
| Designación de volumen o secuencia | 241 |
| 9 (RLIN) | 184512 |
| 852 ## - LOCALIZACIÓN | |
| Ubicación | ES-MaACL |
| Número de control de estantería | F-5374 |
| Sublocalización o colección | R.4880 |
| Estatus retirado | Estado de pérdida | Estado de daño | No para préstamo | Biblioteca de origen | Biblioteca actual | Ubicación en estantería | Fecha de adquisición | Fuente de adquisición | Total de préstamos | Signatura topográfica completa | Código de barras | Visto por última vez | Precio de reemplazo | Tipo de ítem Koha |
|---|---|---|---|---|---|---|---|---|---|---|---|---|---|---|
| Biblioteca del Ateneo de Madrid | Biblioteca del Ateneo de Madrid | Depósito 2 | 17/01/2008 | F-5374 | 1139692 | 23/02/2023 | 23/02/2023 | Libro impreso |
